Densidad y ecología básica del Tití Gris Saguinus leucopus en el área de influencia del embalse Amaní, Norcasia, Caldas (Registro nro. 5512)

Detalles MARC
000 -CABECERA
Campo de control 01189nam a2200325 a 4500
005 - FECHA Y HORA DE LA ULTIMA TRANSACCION
Campo de control 20160808125133.0
008 - ELEMENTOS DE LONGITUD FIJA—INFORMACION GENERAL
Campo de control 130902b2007 ck |||||r|||| 00| 0 spa d
040 ## - FUENTE DE CATALOGACIÓN
Agencia transcriptora CO-BoIH
041 ## - IDIOMA
Código de idioma para texto/pista de sonido o título separado Español
090 ## - CLASIFICACIÓN LOCAL
Colección IAVH
Consecutivo 00595
100 ## - ASIENTO PRINCIPAL--NOMBRE PERSONAL
Nombre personal Perez, Clara
245 ## - MENCION DE TITULO
Título Densidad y ecología básica del Tití Gris Saguinus leucopus en el área de influencia del embalse Amaní, Norcasia, Caldas
Parte restante del título Informe final
Mención de responsabilidad Clara Pérez
260 ## - PUBLICACION, DISTRIBUCION, ETC. (PIE DE IMPRENTA)
Lugar de publicación, distribución, etc. Bogotá
Nombre del editor, distribuidor, etc. ISAGEN
-- Instituto Alexander von Humboldt
Fecha de publicación, distribución, etc. 2007
300 ## - DESCRIPCION FISICA
Extensión 83 p.
500 ## - NOTA GENERAL
Nota general Informe final Contrato No.46/2095
500 ## - NOTA GENERAL
Nota general Programa de monitoreo y seguimiento a la fauna silvestre.
650 ## - ASIENTO SECUNDARIO DE MATERIA - TERMINO TEMATICO
Término temático o nombre geográfico como elemento de entrada Plan de manejo ambiental
650 ## - ASIENTO SECUNDARIO DE MATERIA - TERMINO TEMATICO
Término temático o nombre geográfico como elemento de entrada Especies en peligro
650 ## - ASIENTO SECUNDARIO DE MATERIA - TERMINO TEMATICO
Término temático o nombre geográfico como elemento de entrada Titi Gris
Subdivisión general área de influencia
Subdivisión geográfica Norcasia (Departamento, Caldas)
700 ## - ASIENTO SECUNDARIO - NOMBRE PERSONAL
Nombre personal Franco, Ana María
700 ## - ASIENTO SECUNDARIO - NOMBRE PERSONAL
Nombre personal Devenish, Christian
700 ## - ASIENTO SECUNDARIO - NOMBRE PERSONAL
Nombre personal Forero , Fernando
700 ## - ASIENTO SECUNDARIO - NOMBRE PERSONAL
Nombre personal Sánchez, Juan David
700 ## - ASIENTO SECUNDARIO - NOMBRE PERSONAL
Nombre personal Mendoza, Humberto
700 ## - ASIENTO SECUNDARIO - NOMBRE PERSONAL
Nombre personal Medina, Sandra
700 ## - ASIENTO SECUNDARIO - NOMBRE PERSONAL
Nombre personal Pedraza, Carlos
700 ## - ASIENTO SECUNDARIO - NOMBRE PERSONAL
Nombre personal Santamaría, Marcela
942 ## - ELEMENTOS ADICIONALES (KOHA)
Tipo de ítem Informe Técnico
Sistema de clasificación Local
Koha issues (borrowed), all copies 1
945 ## - PROCESAMIENTO LOCAL
AAAA-MM-DD - Fecha de ingreso o modificacion 2007-05-16
Existencias
Withdrawn status Lost status Sistema de Clasificación Damaged status No para préstamo Colección Inventariado Ubicación Permanente Ubicación actual Fecha de adquisición Total Checkouts Número topográfico Inventario / Código de Barras Date last seen Date checked out Ejemplar Price effective from Tipo de material
    Local     Humboldt Inventariado 2017 Bogotá Bogotá 16/05/2007 1 IAVH-00595 058455 09/08/2024 08/02/2016 Ej. 1 04/12/2012 Informe Técnico